Limit cycles in piecewise smooth perturbations of a class of cubic differential systems

In this paper, we study the bifurcation of limit cycles from a class of cubic integrable non-Hamiltonian systems under arbitrarily small piecewise smooth perturbations of degree n. By using the averaging theory and complex method, the lower and upper bounds for the maximum number of limit cycles bif...

Teljes leírás

Elmentve itt :
Bibliográfiai részletek
Szerzők: Sun Dan
Gao Yunfei
Peng Linping
Fu Li
Dokumentumtípus: Folyóirat
Megjelent: 2023
Sorozat:Electronic journal of qualitative theory of differential equations
Kulcsszavak:Differenciálrendszer - harmadfokú, Differenciálegyenlet - ordinárius
Tárgyszavak:
doi:10.14232/ejqtde.2023.1.49

Online Access:http://acta.bibl.u-szeged.hu/88792
LEADER 01569nas a2200265 i 4500
001 acta88792
005 20251117125613.0
008 251117s2023 hu o 000 eng d
022 |a 1417-3875 
024 7 |a 10.14232/ejqtde.2023.1.49  |2 doi 
040 |a SZTE Egyetemi Kiadványok Repozitórium  |b hun 
041 |a eng 
100 1 |a Sun Dan 
245 1 0 |a Limit cycles in piecewise smooth perturbations of a class of cubic differential systems  |h [elektronikus dokumentum] /  |c  Sun Dan 
260 |c 2023 
300 |a 26 
490 0 |a Electronic journal of qualitative theory of differential equations 
520 3 |a In this paper, we study the bifurcation of limit cycles from a class of cubic integrable non-Hamiltonian systems under arbitrarily small piecewise smooth perturbations of degree n. By using the averaging theory and complex method, the lower and upper bounds for the maximum number of limit cycles bifurcating from the period annulus of the unperturbed systems are given at first order in ε. It is also shown that in this case, the maximum number of limit cycles produced by piecewise smooth perturbations is almost twice the upper bound of the maximum number of limit cycles produced by smooth perturbations for the considered systems. 
650 4 |a Természettudományok 
650 4 |a Matematika 
695 |a Differenciálrendszer - harmadfokú, Differenciálegyenlet - ordinárius 
700 0 1 |a Gao Yunfei  |e aut 
700 0 1 |a Peng Linping  |e aut 
700 0 1 |a Fu Li  |e aut 
856 4 0 |u http://acta.bibl.u-szeged.hu/88792/1/ejqtde_2023_049.pdf  |z Dokumentum-elérés